000 00527nam a2200181Ia 4500
005 20250508152940.0
008 008 250505s9999 xx 000 0 eng d
037 _aBooks to be hide in OPAC
040 _aFEDL
_beng
_cFEDL
041 _aeng
_2eng
084 _a750, SAB/O
_qFEDL
100 _aSabartes Jaime
_9614719
245 0 _aPicasso toreros: With four oringinal lithographs
260 _aNew York, USA
_bGeorge Brailler
_c1961
300 _a153p.
942 _cHB
_h750, SAB/O
999 _c1339757
_d1339757